Sports Quiz

Random Sports or MLB Quiz

MLB: 100+ RBI, 3+ Teams Quiz Stats

 Plays Quiz Updated Jun 12, 2021

Support Sporcle.
Go Orange.
Score 0/32 Timer 06:00
2 Plays Today
Teams Hitter % Correct
Mariners, Rangers, YankeesAlex Rodriguez
80.4%
Dodgers, Red Sox, RangersAdrián Beltré
74.3%
Indians, Phillies, White SoxJim Thome
73.8%
Padres, Red Sox, DodgersAdrián González
73.1%
Orioles, Mariners, TwinsNelson Cruz
72.3%
A's, Yankees, AngelsReggie Jackson
71.9%
Expos, Angels, RangersVladimir Guerrero
66.6%
Padres, Marlins, Dodgers, Braves, YankeesGary Sheffield
65.1%
Cubs, Pirates, BrewersAramis Ramírez
64.4%
Padres, Yankees, Blue JaysDave Winfield
59.4%
Blue Jays, Marlins, MetsCarlos Delgado
58.8%
Padres, Braves, Devil Rays, CubsFred McGriff
56%
Indians, White Sox, OriolesAlbert Belle
55.3%
Giants, Indians, DiamondbacksMatt Williams
53.6%
White Sox, Brewers, AstrosCarlos Lee
53.5%
Indians, Padres, Blue JaysJoe Carter
52.9%
Teams Hitter % Correct
Cubs, Rangers, YankeesAlfonso Soriano
44.6%
Giants, Astros, DodgersJeff Kent
43.7%
Phillies, Yankees, AngelsBobby Abreu
41.5%
Marlins, Astros, CubsMoises Alou
39.9%
Blue Jays, Mets, MarinersJohn Olerud
38.5%
Indians, Brewers, MarinersRichie Sexson
36.5%
Cardinals, Giants, CubsRogers Hornsby
33.9%
Reds, Astros, OriolesLee May
31.2%
Giants, Cardinals, BravesOrlando Cepeda
30.1%
Phillies, Cardinals, White SoxDick Allen
29.1%
Indians, Tigers, A'sRocky Colavito
26.4%
Royals, Yankees, White SoxDanny Tartabull
21.6%
A's, White Sox, TigersAl Simmons
20.7%
Rangers, Royals, TigersDean Palmer
18.4%
Senators, Browns, TigersGoose Goslin
11.1%
Tigers, Indians, Red SoxVic Wertz
3.8%

You're not logged in!

Compare scores with friends on all Sporcle quizzes.
OR
Log In
Forgot?

From the Vault

Naismith College Basketball Coaches of the Year

by dannycohen117

Sports 5m
You probably won't win Coach of the Year without also winning a few games.
Remove Ads.
Support Sporcle.
Get the best of Sporcle when you Go Orange. This ad-free experience offers more features, more stats, and more fun while also helping to support Sporcle. Thank you for becoming a member.

Show Comments

Extras

Top Quizzes Today


Score Distribution

Your Account Isn't Verified!

In order to create a playlist on Sporcle, you need to verify the email address you used during registration. Go to your Sporcle Settings to finish the process.

Report this User

Report this user for behavior that violates our Community Guidelines.

Details: